| 000 | 04720cam a22013814i 4500 | ||
|---|---|---|---|
| 003 | PE-LiUPU | ||
| 005 | 20250813185546.0 | ||
| 008 | 150706s2007 mx r 000 0 spa d | ||
| 020 | _a9789682479939 | ||
| 035 | _a(Sirsi) i9789682479939 | ||
| 040 |
_aPE-LiUPU _bspa _cPE-LiUPU _erda |
||
| 049 | _aPRUA | ||
| 082 | 0 | 4 |
_a300.18 _bA71 2007 |
| 082 | 0 | 4 |
_a300.18 _bA71 2012 |
| 082 | 0 | 4 |
_a300.18 _bA71 _221 |
| 100 | 1 |
_aArias Galicia, L. Fernando, _eautor. |
|
| 245 | 1 | 0 |
_aMetodología de la investigación : _bcontabilidad, economía, administración, psicología, sociología, trabajo social y educación / _cL. Fernando Arias Galicia. |
| 264 | 1 |
_aMéxico : _bTrillas, _c2007. |
|
| 300 |
_a576 páginas ; _c23 centímetros. |
||
| 336 |
_atext _2rdacontent |
||
| 337 |
_aunmediated _2rdamedia |
||
| 338 |
_avolume _2rdacarrier |
||
| 490 | 0 | _aBiblioteca técnica de Psicología | |
| 505 | 0 | _aLos directivos y los profesionistas del futuro -- Los profesionistas y la generación de conocimientos -- El proceso de investigación -- Inicio de la investigación -- Instrumentos -- Recopilación de datos -- Procesamiento de datos -- Interpretación -- La corriente informal -- Comunicación -- Nociones de la teoría del conocimiento -- Técnicas de investigación documental. | |
| 526 | _aP202 | ||
| 526 | _aP201 | ||
| 526 | _aP163 | ||
| 526 | _aP162 | ||
| 526 | _aP161 | ||
| 526 | _aP160 | ||
| 526 | _aP148 | ||
| 526 | _aP147 | ||
| 526 | _aP146 | ||
| 526 | _aP145 | ||
| 526 | _aP144 | ||
| 526 | _aP143 | ||
| 526 | _aP142 | ||
| 526 | _aP141 | ||
| 526 | _aP140 | ||
| 526 | _aP139 | ||
| 526 | _aP138 | ||
| 526 | _aP137 | ||
| 526 | _aP136 | ||
| 526 | _aP135 | ||
| 526 | _aP134 | ||
| 526 | _aP133 | ||
| 526 | _aP129 | ||
| 526 | _aP128 | ||
| 526 | _aP127 | ||
| 526 | _aP120 | ||
| 526 | _aP119 | ||
| 526 | _aP118 | ||
| 526 | _aP116 | ||
| 526 | _aP115 | ||
| 526 | _aP114 | ||
| 526 | _aP110 | ||
| 526 | _aP109 | ||
| 526 | _aP108 | ||
| 526 | _aP104 | ||
| 526 | _aP103 | ||
| 526 | _aP102 | ||
| 526 | _aP99 | ||
| 526 | _aP98 | ||
| 526 | _aP97 | ||
| 526 | _aP96 | ||
| 526 | _aP95 | ||
| 526 | _aP93 | ||
| 526 | _aP90 | ||
| 526 | _aP89 | ||
| 526 | _aP88 | ||
| 526 | _aP83 | ||
| 526 | _aP82 | ||
| 526 | _aP62 | ||
| 526 | _aP59 | ||
| 526 | _aP58 | ||
| 526 | _aP57 | ||
| 526 | _aP51 | ||
| 526 | _aP49 | ||
| 526 | _aP48 | ||
| 526 | _aP47 | ||
| 526 | _aP29 | ||
| 526 | _aP24 | ||
| 526 | _aP20 | ||
| 526 | _aP19 | ||
| 526 | _aP17 | ||
| 526 | _aP15 | ||
| 526 | _aP14 | ||
| 526 | _aP12 | ||
| 526 | _aP10 | ||
| 526 | _aP09 | ||
| 526 | _aP08 | ||
| 526 | _aP07 | ||
| 526 | _aP06 | ||
| 526 | _aP05 | ||
| 526 | _aP04 | ||
| 526 | _aP01 | ||
| 541 | _g001-0039195; | ||
| 541 | _g015-0010702; | ||
| 541 | _g001-040677; | ||
| 650 | 0 | 4 |
_aAdministración. _94009 |
| 650 | 0 | 4 |
_aCiencias sociales _xMetodología. |
| 650 | 0 | 4 | _aConducta humana. |
| 650 | 0 | 4 | _aInvestigación. |
| 910 | _agl20090825 | ||
| 910 |
_btqv _cwelc _d20160907 |
||
| 942 |
_2ddc _cBOOK |
||
| 949 |
_a300.18 A71 2007 _wDEWEY _c1 _iFJ00127 _lCCODEBUJ1 _mBUJ _p33.00 _r0 _sY _tBOOK _u2015-8-3 _xFCE _PP08 _0COMPRA _o.STAFF. Colección General Juliaca |
||
| 949 |
_a300.18 A71 2012 _wDEWEY _c1 _iFJ01927 _lCCODEBUJ1 _mBUJ _n1 _p31.33 _r0 _sY _tBOOK _u2016-9-7 _xFCE _PP04 _0COMPRA _o.STAFF. Colección General Juliaca |
||
| 949 |
_a300.18 A71 _wDEWEY _c1 _i60111 _lCCODEBUL1 _mBUL _p26.00 _r0 _sY _tBOOK _u2015-7-6 _xFCE _PP08 _0COMPRA _o.STAFF. Colección General |
||
| 949 |
_aPGA 300.18 A71 _wDEWEY _c1 _i72396 _lCCODEBUL1 _mBUL _p29.74 _r0 _sY _tBOOK _u2016-1-12 _xFCE _PP47 _0COMPRA _o.STAFF. Posgrado |
||
| 994 |
_aC0 _bPEPRU |
||
| 596 | _a1 3 | ||
| 999 |
_a300.18 A71 _wDEWEY _c49607 _i60111 _d49607 _f2021-11-4 _g6 _lCCODEBUL1 _mBUL _p26.00 _q1 _r0 _sY _tBOOK _u2015-7-6 _xBIBLIOTECA _PP08 _0COMPRA _o.STAFF. Colección General |
||
| 999 |
_a300.18 A71 2007 _wDEWEY _c1 _iFJ00127 _d2019-5-3 _e2017-10-31 _f2022-1-17 _g4 _lCCODEBUJ1 _mBUJ _n3 _p33.00 _q12 _r0 _sY _tBOOK _u2015-8-3 _xFCE _PP08 _0COMPRA _o.STAFF. Colección General Juliaca |
||
| 999 |
_aPGA 300.18 A71 _wDEWEY _c1 _i72396 _d2019-11-13 _e2018-6-7 _f2021-11-5 _g6 _lCCODEBUL1 _mBUL _n1 _p29.74 _q4 _r0 _sY _tBOOK _u2016-1-12 _xFCE _PP47 _0COMPRA _o.STAFF. Posgrado |
||
| 999 |
_a300.18 A71 2012 _wDEWEY _c1 _iFJ01927 _d2019-5-27 _e2016-11-21 _f2022-1-17 _g4 _lCCODEBUJ1 _mBUJ _n1 _p31.33 _q6 _r0 _sY _tBOOK _u2016-9-7 _xFCE _PP04 _0COMPRA _o.STAFF. Colección General Juliaca |
||
| 980 |
_81 _gALBERTO SANCHEZ Responsable de Automatización |
||